000 00939nam a2200169 4500
001 14057
005 20260326152814.0
010 _a9782807104617
090 _a14057
099 _o0
100 _a20260326d u||y0frey50 ba
200 _aAzaline se tait
_bLIVR
214 _cLansman
323 _a15 personnages
330 _aDans la cour de l'école, il y a le loup, la princesse, les trois petits cochons... autant de références aux contes traditionnels qui pourraient faire croire à d'innocents jeux d'enfants. Mais les contes, souvent cruels et violents, recoupent parfois les bleus au cœur et les blessures de la vie. C'est le cas pour Azaline qui porte un lourd et douloureux secret : son père, tous les soirs, ouvre la porte de sa chambre. Et ce n'est pas pour lui raconter des histoires... Quelqu'un va-t-il enfin comprendre ce que cache le comportement d'Azaline quand elle est à l'école ?
610 _aInceste
700 _aMartin
_bLise